banner-ar

ابراهيم باشا / (Record no. 43268)

MARC details
000 -الفاتح
حقل البيانات ثابتة الطول 00480nam a2200181Ia 4500
008 - عناصر البيانات ثابتة الطول - معلومات عامة
حقل البيانات ثابتة الطول 140319s9999 xx 000 0 ara d
040 ## - مصدر الفهرسة
وكالة الفهرسة الأصلية GCL /
وكالة النسخ GCL
082 04 - رقم تصنيف ديوى العشرى
رقم التصنيف 962.03
رقم المادة ك ا
100 1# - المدخل الرئيسى - إسم شخصى
الإسم الشخصى محمد بدران
245 10 - بيان العنوان
العنوان ابراهيم باشا /
بيان المسئوليه,etc محمد بدران
300 ## - الوصف المادى
التعداد 292 ص
490 ## - بيان السلسلة
عنوان السلسلة كتاب
رقم المجلد/ التعيين التسلسلي 0
650 04 - المدخل الاضافى بالموضوع-مصطلح موضوعى
مصطلح موضوعي الاتفاقيات الدولية
650 04 - المدخل الاضافى بالموضوع-مصطلح موضوعى
مصطلح موضوعي السودان
650 04 - المدخل الاضافى بالموضوع-مصطلح موضوعى
مصطلح موضوعي ابراهيم باشا
942 ## - عناصر المدخل الإضافي( كوها)
مصدر التصنيف او مخطط الترفيف Dewey Decimal Classification
Koha [default] item type كتاب
Holdings
حالة التراجع حالة الفقد حالة تلف ليس للاعارة المكان المؤقت الموقع الحالى تاريخ الاكتساب اجمالي اﻻعارات رقم الطلب الباركود تاريخ اخر مشاهدة تاريخ تفعيل السعر نوع وعاء كوها
        مكتبة القاهرة الكبرى مكتبة القاهرة الكبرى 03/26/2014   962.03\ك ا 104672 03/26/2014 03/26/2014 كتاب

Powered By

EGPV